000 00571nam a22002297a 4500
001 64307
003 UA-OsUOA
005 20211024182029.0
007 ta
008 20091103b un ||||| |||| 00| 0 ukr d
040 _aUA-OsUOA
_brus
_cUA-OsUOA
_dUA-OsUOA
041 _arus
080 _a94(470+571)
090 _a94(470+571)
_bК67
100 _aКорнеев В. Е.
245 _aАрхивы РКП(б) в 1917-1925 гг.
_bучебн. пос.
260 _aМ.
_c1979
300 _a52 с.
650 7 _a94 Історія
_2UDC
942 _cBK
_2udc
955 _a2
999 _c350742
_d350742